Convenio constitutivo y reglamentos /

Spremljeno u:
Bibliografski detalji
Autori kompanije: Banco Centroamericano de Integración Económica, BCIE
Format: Tekst
Izdano: Tegucigalpa: Banco Centroamericano de Integración Económica
Oznake: Dodaj oznaku
Bez oznaka, Budi prvi tko označuje ovaj zapis!

MARC

LEADER 00000 a a2200000 04500
001 21383
003
040 |a CRAI/IIS  |c CRAI/IIS 
090 |a 094000  
110 |a Banco Centroamericano de Integración Económica  
245 |a Convenio constitutivo y reglamentos /  |c Banco Centroamericano de Integración Económica  
260 |a Tegucigalpa:   |b Banco Centroamericano de Integración Económica  
300 |a 72 p.  
710 |a BCIE  
999 |c 6349  |d 6349